000 00634nam a22001937a 4500
005 20180814161258.0
010 _aENG-123731
020 _a9788174792037
_c595.00
035 _aEN-107263
037 _bDBAD/PUB
082 0 0 _a250.934
100 _aFernando, R.P.
245 1 0 _aBuddhist heritage in india and sri lanka :
_cby R.P. Fernando
_brediscovery and restoration /
260 _aNew Delhi
_bKaveri Books
_c2017
270 _a4832/24, Ansari Road, Daryaganj,
_bNew Delhi
_e110002
300 _avii,101p.
_c22cm.(Hb)
_bill.
500 _aIt includes bibliography and index
942 _2ddc
_cEN
_h250.934
_mFER
999 _c155919
_d155919